[Event "Superliga 2011 M"]
[Site "?"]
[Date "2011.10.08"]
[Round "1.1"]
[White "Vajda, Levente"]
[Black "Mastrovasilis, Dimitrios"]
[Result "1/2-1/2"]
[WhiteElo "2557"]
[BlackElo "2607"]
[PlyCount "48"]
[EventDate "2011.??.??"]

1. e4 e5 2. Nf3 Nc6 3. Bc4 Nf6 4. d3 Be7 5. O-O O-O 6. Re1 d6 7. c3 Na5 8. Bb5
a6 9. Ba4 c5 10. Nbd2 Qc7 11. Nf1 Be6 12. Ng3 Rad8 13. h3 b5 14. Bc2 Nc6 15.
Qe2 h6 16. Bd2 Rfe8 17. a4 d5 18. axb5 axb5 19. exd5 Bxd5 20. Nh2 Be6 21. Rad1
Nd5 22. Qe4 Nf6 23. Qe2 Nd5 24. Qe4 Nf6 1/2-1/2

[Event "Superliga 2011 M"]
[Site "?"]
[Date "2011.10.08"]
[Round "1.1"]
[White "Svetushkin, Dmitry"]
[Black "Dobre, Claudiu-Cristian"]
[Result "1-0"]
[WhiteElo "2594"]
[BlackElo "2344"]
[PlyCount "83"]
[EventDate "2011.??.??"]
[TimeControl "5400"]

1. e4 c6 2. d4 d5 3. e5 Bf5 4. Nf3 e6 5. Be2 Nd7 6. O-O Ne7 7. Nbd2 h6 8. Nb3
Qc7 9. a4 O-O-O 10. a5 g5 11. Ne1 Rg8 12. Nd3 Ng6 13. Bg4 Bxg4 14. Qxg4 c5 15.
Nbxc5 Bxc5 16. dxc5 Ngxe5 17. Qe2 a6 18. f4 Nxd3 19. cxd3 Nb8 20. b4 Nc6 21.
Rb1 g4 22. Be3 d4 23. Bd2 Na7 24. f5 e5 25. f6 Nb5 26. Rbe1 Nc3 27. Qxe5 Qxe5
28. Rxe5 Nd5 29. Rff5 Ne3 30. Rf4 g3 31. Bxe3 dxe3 32. Rxe3 gxh2+ 33. Kxh2 Rg6
34. d4 Rg5 35. Re7 Rd7 36. Rfe4 Rgd5 37. Rxd7 Kxd7 38. Re7+ Kc6 39. Rxf7 Rf5
40. Rf8 Kb5 41. f7 Kxb4 42. c6 1-0

[Event "Superliga 2011 M"]
[Site "?"]
[Date "2011.10.08"]
[Round "1.1"]
[White "Baratosi, Daniel"]
[Black "Mateuta, Gabriel"]
[Result "0-1"]
[WhiteElo "2407"]
[BlackElo "2507"]
[PlyCount "76"]
[EventDate "2011.??.??"]
[TimeControl "5400"]

1. e4 d5 2. exd5 Qxd5 3. d4 Nc6 4. Nf3 Bg4 5. Be2 O-O-O 6. c4 Qf5 7. Be3 Bxf3
8. Bxf3 Nxd4 9. Bg4 Nc2+ 10. Qxc2 Qxg4 11. O-O Nh6 12. c5 Qg6 13. Qa4 Qa6 14.
Qe4 e6 15. Nc3 Nf5 16. b4 Be7 17. Bf4 Bf6 18. Be5 Qd3 19. Bxf6 gxf6 20. Rac1
Qxe4 21. Nxe4 Nd4 22. Rfe1 f5 23. Nc3 Nc6 24. a3 Rd3 25. Kf1 Rhd8 26. Red1
Rxd1+ 27. Rxd1 Rxd1+ 28. Nxd1 a5 29. bxa5 Nxa5 30. Ke2 Nb3 31. c6 Nd4+ 32. Ke3
Nxc6 33. Kf4 f6 34. g4 Ne7 35. h3 Kd7 36. Kg3 fxg4 37. hxg4 Nd5 38. Kh4 c5 0-1

[Event "Superliga 2011 M"]
[Site "?"]
[Date "2011.10.08"]
[Round "1.1"]
[White "Danilov, Vladimir"]
[Black "Cioara, Andrei-Nestor"]
[Result "1/2-1/2"]
[WhiteElo "2441"]
[BlackElo "2436"]
[PlyCount "56"]
[EventDate "2011.??.??"]
[TimeControl "5400"]

1. d4 e6 2. c4 Nf6 3. Nc3 Bb4 4. e3 O-O 5. Nge2 c5 6. a3 cxd4 7. axb4 dxc3 8.
Nxc3 d5 9. cxd5 exd5 10. b5 Be6 11. Be2 Nbd7 12. Qd4 Qb6 13. O-O Rfc8 14. Ra3
Ne4 15. Rd1 Qxd4 16. exd4 Nb6 17. Be3 Nd6 18. Rda1 Nbc4 19. Bxc4 Nxc4 20. Rxa7
Rxa7 21. Rxa7 Nxb2 22. Ne2 b6 23. Nf4 Nc4 24. Nxe6 fxe6 25. Re7 Ra8 26. g4 Ra5
27. Rxe6 Rxb5 28. Re7 Rb3 1/2-1/2

[Event "Superliga 2011 M"]
[Site "?"]
[Date "2011.10.08"]
[Round "1.1"]
[White "Voiteanu, Gabriel"]
[Black "Ungureanu, Vlad"]
[Result "1-0"]
[WhiteElo "2293"]
[BlackElo "2376"]
[PlyCount "63"]
[EventDate "2011.??.??"]

1. d4 Nf6 2. c4 g6 3. g3 Bg7 4. Bg2 O-O 5. Nc3 d6 6. Nf3 a6 7. O-O Nc6 8. e4 e5
9. d5 Ne7 10. Ne1 Nd7 11. Nd3 f5 12. f4 b6 13. fxe5 Nxe5 14. Nxe5 Bxe5 15. Bg5
Rf7 16. Qd2 Qf8 17. Rae1 Bd7 18. Bh3 Re8 19. Ne2 Qg7 20. b4 Kh8 21. Bh6 Qf6 22.
Be3 Qg7 23. c5 bxc5 24. bxc5 Bb5 25. Rf2 Bxe2 26. Rexe2 fxe4 27. Bh6 Qg8 28.
Be6 Nf5 29. Bxf7 Qxf7 30. g4 Bd4 31. Be3 Bxe3 32. Rxe3 1-0

[Event "Superliga 2011 M"]
[Site "?"]
[Date "2011.10.08"]
[Round "1.1"]
[White "Chifor, Ovidiu-Emanuel"]
[Black "Manole, Stefan"]
[Result "1/2-1/2"]
[WhiteElo "2256"]
[BlackElo "2052"]
[PlyCount "38"]
[EventDate "2011.??.??"]
[TimeControl "5400"]

1. Nf3 d5 2. g3 Nf6 3. Bg2 c6 4. O-O e6 5. d4 Bd6 6. Nbd2 Nbd7 7. c4 O-O 8. Qc2
Re8 9. Rd1 Qe7 10. e4 Nxe4 11. Nxe4 dxe4 12. Qxe4 e5 13. dxe5 Nxe5 14. Ng5 f5
15. Qc2 Bc5 16. h3 h6 17. Nf3 Nxf3+ 18. Bxf3 Be6 19. Bf4 Qf6 1/2-1/2

[Event "Superliga 2011 M"]
[Site "?"]
[Date "2011.10.08"]
[Round "1.2"]
[White "Nisipeanu, Liviu-Dieter"]
[Black "Kamsky, Gata"]
[Result "1/2-1/2"]
[WhiteElo "2638"]
[BlackElo "2756"]
[PlyCount "25"]
[EventDate "2011.??.??"]
[TimeControl "5400"]

1. d4 d5 2. c4 c6 3. Nf3 Nf6 4. Nc3 a6 5. g3 g6 6. cxd5 cxd5 7. Bg2 Bg7 8. O-O
O-O 9. Ne5 e6 10. b3 Bd7 11. Bb2 Nc6 12. Nxd7 Nxd7 13. e3 1/2-1/2

[Event "Superliga 2011 M"]
[Site "?"]
[Date "2011.10.08"]
[Round "1.2"]
[White "Volokitin, Andrei"]
[Black "Iordachescu, Viorel"]
[Result "1/2-1/2"]
[WhiteElo "2686"]
[BlackElo "2646"]
[PlyCount "135"]
[EventDate "2011.??.??"]
[TimeControl "5400"]

1. e4 e5 2. Nf3 Nc6 3. Bb5 a6 4. Ba4 Nge7 5. c3 g6 6. d4 exd4 7. cxd4 b5 8. Bb3
Bg7 9. d5 Na5 10. Bd2 c5 11. d6 Nec6 12. Bg5 Bf6 13. h4 c4 14. Bc2 h6 15. Bxf6
Qxf6 16. Nc3 Bb7 17. Qd2 Nb4 18. Bb1 Kf8 19. e5 Qe6 20. Ne4 Qg4 21. O-O Bxe4
22. Bxe4 Qxe4 23. Qxb4 Nc6 24. Qc3 Rg8 25. Rfe1 Qf5 26. a4 Re8 27. axb5 axb5
28. Nd4 Nxd4 29. Qxd4 g5 30. Ra5 Rb8 31. Ra7 Qe6 32. Re4 Re8 33. Rb7 gxh4 34.
Rxh4 Qxe5 35. Rxd7 Rg6 36. Qf4 Rf6 37. Qxe5 Rxe5 38. Rd4 Ree6 39. Rd5 Ke8 40.
Rc7 Rxd6 41. Rxb5 Rb6 42. Rxb6 Rxb6 43. Rxc4 Rxb2 44. Rc6 Kf8 45. Rxh6 Kg7 46.
Rd6 Ra2 47. g3 Rb2 48. Kg2 Ra2 49. g4 f6 50. Kg3 Ra3+ 51. Kf4 Kg6 52. Rd4 Ra5
53. f3 Rb5 54. Rd3 Ra5 55. Kg3 Ra1 56. f4 Rg1+ 57. Kh3 f5 58. Rd6+ Kg7 59. gxf5
Kf7 60. Ra6 Rg8 61. Kh4 Rg1 62. Kh5 Rg2 63. Rg6 Rh2+ 64. Kg4 Rg2+ 65. Kf3 Rxg6
66. fxg6+ Kxg6 67. Ke4 Kf6 68. f5 1/2-1/2

[Event "Superliga 2011 M"]
[Site "?"]
[Date "2011.10.08"]
[Round "1.2"]
[White "Fedorov, Alexei"]
[Black "Parligras, Mircea-Emilian"]
[Result "1/2-1/2"]
[WhiteElo "2609"]
[BlackElo "2625"]
[PlyCount "99"]
[EventDate "2011.??.??"]
[TimeControl "5400"]

1. e4 c6 2. d4 d5 3. e5 Bf5 4. Be3 e6 5. Nd2 Nd7 6. Ngf3 Ne7 7. Be2 Bg6 8. Nh4
Nf5 9. Nxf5 Bxf5 10. O-O Be7 11. f4 Bg6 12. c3 O-O 13. Bh5 Bd3 14. Be2 Bg6 15.
Bh5 Bd3 16. Rf2 f5 17. Nf1 Ba6 18. g4 g6 19. gxf5 gxf5 20. Rg2+ Kh8 21. Qf3 Bh4
22. Nd2 Bd3 23. Qh3 Be4 24. Nf3 Bxf3 25. Bxf3 Qe7 26. Kh1 Rg8 27. Rag1 Raf8 28.
Bh5 b6 29. a4 c5 30. b4 c4 31. b5 Ra8 32. Bc1 Rac8 33. Qf3 Rcf8 34. Qe2 Qd8 35.
Ba3 Be7 36. Bc1 Rxg2 37. Rxg2 Bh4 38. Ba3 Be7 39. Bc1 Bh4 40. Qa2 Nb8 41. Rg1
Rg8 42. Rxg8+ Qxg8 43. Ba3 Qg7 44. Qg2 Be1 45. Bd6 Nd7 46. Bb4 Nf8 47. a5 bxa5
48. Bxa5 Nd7 49. Qe2 Bh4 50. Be8 1/2-1/2

[Event "Superliga 2011 M"]
[Site "?"]
[Date "2011.10.08"]
[Round "1.2"]
[White "Lupulescu, Constantin"]
[Black "Marin, Mihail"]
[Result "1/2-1/2"]
[WhiteElo "2655"]
[BlackElo "2550"]
[PlyCount "51"]
[EventDate "2011.??.??"]
[TimeControl "5400"]

1. Nf3 Nf6 2. c4 b6 3. g3 Bb7 4. Bg2 e6 5. d4 Bb4+ 6. Nbd2 O-O 7. O-O d5 8.
cxd5 exd5 9. Ne5 Be7 10. b3 Na6 11. Bb2 c5 12. Nd3 Re8 13. Rc1 Bf8 14. e3 Qe7
15. Qe2 Rad8 16. Rfd1 Ne4 17. dxc5 bxc5 18. Ba3 Nxd2 19. Qxd2 d4 20. e4 Rc8 21.
Re1 Qd7 22. Rc4 Qb5 23. e5 Bxg2 24. Kxg2 Nb8 25. Kg1 Nd7 26. Rc2 1/2-1/2

[Event "Superliga 2011 M"]
[Site "?"]
[Date "2011.10.08"]
[Round "1.2"]
[White "Miron, Lucian-Costin"]
[Black "Berescu, Alin-Mile"]
[Result "1/2-1/2"]
[WhiteElo "2514"]
[BlackElo "2495"]
[PlyCount "46"]
[EventDate "2011.??.??"]
[TimeControl "5400"]

1. Nf3 Nf6 2. c4 c6 3. d4 d5 4. Nbd2 e6 5. e3 Nbd7 6. b3 Bd6 7. Bb2 b6 8. Bd3
Bb7 9. O-O O-O 10. Qe2 Qe7 11. e4 dxe4 12. Nxe4 Ba3 13. Bc3 Bb4 14. Bb2 Ba3 15.
Bxa3 Qxa3 16. Nfg5 h6 17. Nxf6+ Nxf6 18. Ne4 Qe7 19. Rad1 Rfd8 20. Bb1 Rd7 21.
Rd2 Rad8 22. Rfd1 c5 23. Qe3 cxd4 1/2-1/2

[Event "Superliga 2011 M"]
[Site "?"]
[Date "2011.10.08"]
[Round "1.2"]
[White "Dragomirescu, Robin-Alexandru"]
[Black "Georgescu, Tiberiu-Marian"]
[Result "1/2-1/2"]
[WhiteElo "2353"]
[BlackElo "2391"]
[PlyCount "161"]
[EventDate "2011.??.??"]
[TimeControl "5400"]

1. e4 c6 2. d4 d5 3. e5 Bf5 4. Nf3 e6 5. Be2 c5 6. Be3 cxd4 7. Nxd4 Ne7 8. Nd2
Nbc6 9. N2f3 Bg4 10. O-O Bxf3 11. Nxf3 Nf5 12. Bf4 Be7 13. Bd3 Nh4 14. Nxh4
Bxh4 15. Qg4 g6 16. c4 h5 17. Qf3 dxc4 18. Bxc4 Bg5 19. Rfd1 Qe7 20. Bb5 O-O
21. Bxc6 bxc6 22. Rd6 Rab8 23. b3 Rb4 24. Bxg5 Qxg5 25. Re1 c5 26. Qc6 Rd4 27.
Qxc5 Rxd6 28. Qxd6 Rd8 29. Qa6 Qd2 30. Rf1 Rd7 31. h3 Kg7 32. Qa4 a5 33. Qh4
Kg8 34. Qf6 Rd4 35. g3 h4 36. g4 g5 37. a3 Qf4 38. Qxf4 Rxf4 39. Re1 Rd4 40.
Re3 Rd1+ 41. Kg2 Kg7 42. Kf3 Rd2 43. Rc3 Kg6 44. Ke3 Rd5 45. f4 Rd1 46. Ke4
gxf4 47. Kxf4 Rg1 48. Ke4 Kg5 49. Rf3 Re1+ 50. Kd3 Rxe5 51. Rxf7 Re1 52. Rf3
Ra1 53. a4 Rg1 54. Ke4 Rg2 55. Re3 Rg1 56. Kf3 Rb1 57. Re5+ Kf6 58. Re3 Kg5 59.
Re5+ Kf6 60. Rb5 Rg1 61. Rxa5 Rg3+ 62. Kf4 Rxb3 63. g5+ Kg6 64. Re5 Rxh3 65.
Rxe6+ Kf7 66. Ra6 Ra3 67. Kf5 h3 68. Ra7+ Kf8 69. Kf6 Rf3+ 70. Kg6 Re3 71. Rh7
Re6+ 72. Kf5 Ra6 73. Rxh3 Rxa4 74. Kg6 Kg8 75. Rf3 Ra8 76. Rf6 Rb8 77. Ra6 Rc8
78. Kh6 Rb8 79. g6 Rc8 80. Ra7 Rb8 81. Rc7 1/2-1/2

[Event "Superliga 2011 M"]
[Site "?"]
[Date "2011.10.08"]
[Round "1.3"]
[White "Jobava, Baadur"]
[Black "Jianu, Vlad-Cristian"]
[Result "1/2-1/2"]
[WhiteElo "2712"]
[BlackElo "2502"]
[PlyCount "62"]
[EventDate "2011.??.??"]
[TimeControl "5400"]

1. d4 Nf6 2. c4 g6 3. Nc3 Bg7 4. e4 d6 5. f4 O-O 6. Nf3 e5 7. dxe5 dxe5 8. Qxd8
Rxd8 9. Nxe5 Re8 10. Bd3 Ng4 11. Nxg4 Bxg4 12. e5 Na6 13. O-O Rad8 14. Be4 Nc5
15. Bf3 Bxf3 16. Rxf3 f6 17. Be3 Nd3 18. Nd5 c6 19. Nxf6+ Bxf6 20. exf6 Nxb2
21. f5 Nxc4 22. Bxa7 Kf7 23. Rh3 gxf5 24. Rxh7+ Kxf6 25. Rxb7 Rd2 26. Rb4 Rc2
27. a4 Ree2 28. Kf1 Re4 29. Kg1 Ree2 30. Kf1 Re4 31. Kg1 Ke5 1/2-1/2

[Event "Superliga 2011 M"]
[Site "?"]
[Date "2011.10.08"]
[Round "1.3"]
[White "Filip, Lucian"]
[Black "Yemelin, Vasily"]
[Result "1/2-1/2"]
[WhiteElo "2483"]
[BlackElo "2568"]
[PlyCount "81"]
[EventDate "2011.??.??"]
[TimeControl "5400"]

1. Nf3 Nf6 2. c4 e6 3. g3 b6 4. Bg2 Bb7 5. O-O Be7 6. Nc3 O-O 7. Re1 d5 8. cxd5
exd5 9. d4 Na6 10. Bf4 Qc8 11. Ne5 Rd8 12. e4 dxe4 13. Qb3 Qe6 14. Qxe6 fxe6
15. Nxe4 Nd5 16. Bg5 Re8 17. Bxe7 Rxe7 18. Rac1 Rae8 19. a3 Nb8 20. Rc2 h6 21.
Rec1 Nd7 22. Nc6 Bxc6 23. Rxc6 Nb8 24. R6c2 Rd8 25. Nd2 c6 26. Nf3 Nc7 27. Ne5
Nb5 28. Nxc6 Nxc6 29. Rxc6 Nxd4 30. Rc8 Rxc8 31. Rxc8+ Kf7 32. Rd8 Nf5 33. Be4
Rc7 34. Kf1 Ke7 35. Ra8 Nd6 36. Bd3 e5 37. f3 Ke6 38. Ke2 Kd5 39. h4 Nc4 40.
Rd8+ Ke6 41. Bxc4+ 1/2-1/2

[Event "Superliga 2011 M"]
[Site "?"]
[Date "2011.10.08"]
[Round "1.3"]
[White "Manolache, Marius"]
[Black "Balla, Tamas-Kristof"]
[Result "0-1"]
[WhiteElo "2535"]
[BlackElo "2378"]
[PlyCount "76"]
[EventDate "2011.??.??"]
[TimeControl "5400"]

1. d4 Nf6 2. c4 c5 3. d5 b5 4. Qc2 bxc4 5. e4 e6 6. Nc3 d6 7. Bxc4 exd5 8. Nxd5
Be6 9. Bg5 Be7 10. Nxe7 Qxe7 11. O-O-O Bxc4 12. Qxc4 Nc6 13. Bxf6 Qxf6 14. Qd5
Kd7 15. Nf3 Kc7 16. e5 dxe5 17. Qd7+ Kb6 18. Rd6 Qf4+ 19. Nd2 Rac8 20. Re1 Rc7
21. Rxc6+ Rxc6 22. Re4 Qh6 23. f4 Rc7 24. Nc4+ Kb7 25. Qd5+ Kb8 26. Qxe5 Qxh2
27. Nd6 a6 28. Ne8 Rxe8 29. Qxe8+ Kb7 30. Qe5 Qg1+ 31. Kc2 Rd7 32. Kb3 Qxg2 33.
Re3 Qd2 34. Qe4+ Kb6 35. a3 Qd5+ 36. Kc3 Qd4+ 37. Kc2 Qd1+ 38. Kc3 Rd4 0-1

[Event "Superliga 2011 M"]
[Site "?"]
[Date "2011.10.08"]
[Round "1.3"]
[White "Vasilescu, Lucian-Mihail"]
[Black "Rogozenco, Dorian"]
[Result "0-1"]
[WhiteElo "2295"]
[BlackElo "2552"]
[PlyCount "92"]
[EventDate "2011.??.??"]

1. e4 c5 2. c4 Nc6 3. Nc3 g6 4. g3 Bg7 5. Bg2 d6 6. d3 e6 7. Nge2 Nge7 8. O-O
O-O 9. Be3 Nd4 10. Rb1 Rb8 11. b4 b6 12. f4 Bb7 13. Bf2 Qd7 14. a4 f5 15. Nxd4
cxd4 16. Nb5 Nc6 17. exf5 gxf5 18. Re1 Kh8 19. Na3 e5 20. Nc2 Rg8 21. b5 Ne7
22. fxe5 dxe5 23. Nb4 Rbf8 24. Qh5 Bxg2 25. Kxg2 Qb7+ 26. Qf3 Qxf3+ 27. Kxf3
e4+ 28. Ke2 e3 29. Bg1 f4 30. Rf1 fxg3 31. hxg3 Nf5 32. Bh2 Be5 33. g4 Bxh2 34.
gxf5 Rg2+ 35. Kf3 Rg3+ 36. Ke4 Rg4+ 37. Kd5 Bg3 38. Nc2 Bf2 39. Ke6 Rf4 40. a5
e2 41. Rh1 R4xf5 42. axb6 axb6 43. Kd7 R8f6 44. Kc8 Rf7 45. Rh6 Rg7 46. Rd6 Bh4
0-1

[Event "Superliga 2011 M"]
[Site "?"]
[Date "2011.10.08"]
[Round "1.3"]
[White "Ardelean, George-Catalin"]
[Black "Bach, Adrian-Kalman"]
[Result "1-0"]
[WhiteElo "2491"]
[BlackElo "2270"]
[PlyCount "45"]
[EventDate "2011.??.??"]
[TimeControl "5400"]

1. e4 e5 2. Nf3 Nc6 3. Bc4 Bc5 4. d3 Nf6 5. Bb3 O-O 6. h3 d5 7. exd5 Nxd5 8.
O-O Be7 9. Re1 Bf6 10. Nbd2 Nf4 11. Ne4 b6 12. d4 Nxd4 13. Nxd4 Nxg2 14. Nc6
Qxd1 15. Rxd1 Nh4 16. Nxf6+ gxf6 17. Bh6 Bb7 18. Ne7+ Kh8 19. Bxf8 Nf3+ 20. Kh1
Nd4+ 21. Bd5 c6 22. Bg2 Rxf8 23. c3 1-0

[Event "Superliga 2011 M"]
[Site "?"]
[Date "2011.10.08"]
[Round "1.3"]
[White "Bida, Mihai-Eugen"]
[Black "Petrisor, Adrian"]
[Result "1/2-1/2"]
[WhiteElo "2141"]
[BlackElo "2388"]
[PlyCount "81"]
[EventDate "2011.??.??"]
[TimeControl "5400"]

1. e4 c5 2. Nf3 d6 3. d4 cxd4 4. Nxd4 Nf6 5. Nc3 a6 6. f3 e6 7. Be3 d5 8. e5
Nfd7 9. f4 Nc6 10. Qd2 Bb4 11. a3 Ba5 12. Bd3 Qc7 13. O-O g6 14. Qf2 Bxc3 15.
bxc3 Ne7 16. Ne2 h5 17. Bd4 h4 18. g4 hxg3 19. hxg3 Nf5 20. g4 Nxd4 21. cxd4
Nb6 22. Kg2 Bd7 23. Ng1 O-O-O 24. Nf3 Kb8 25. Rh1 Ba4 26. Ng5 Rc8 27. Rxh8 Rxh8
28. Rh1 Rxh1 29. Kxh1 Qe7 30. Qh2 Qxa3 31. Nxf7 Qc1+ 32. Kg2 Bxc2 33. Qh8+ Ka7
34. Bxc2 Qxc2+ 35. Kg3 a5 36. Nd6 a4 37. Qg7 Qc6 38. Qxg6 a3 39. Qd3 a2 40.
Qa3+ Qa4 41. Nb5+ 1/2-1/2

[Event "Superliga 2011 M"]
[Site "Brasov"]
[Date "2011.10.08"]
[Round "1.4"]
[White "Timoshenko, Georgy"]
[Black "Milu, Romeo-Sorin"]
[Result "1/2-1/2"]
[WhiteElo "2572"]
[BlackElo "2421"]
[PlyCount "50"]
[EventDate "2011.10.08"]

1. d4 Nf6 2. c4 c5 3. d5 b5 4. cxb5 a6 5. e3 g6 6. Nc3 Bg7 7. Nf3 O-O 8. a4 Bb7
9. Be2 axb5 10. Bxb5 e6 11. dxe6 fxe6 12. O-O d5 13. Rb1 Qe7 14. Re1 Nc6 15. e4
dxe4 16. Bxc6 Bxc6 17. Ne5 Bb7 18. Bg5 Qc7 19. Nc4 Nd5 20. Nxe4 Bd4 21. Bh4 Nf4
22. Bg3 Bd5 23. Qc2 Qc6 24. b3 Nh5 25. Ne5 Qc7 1/2-1/2

[Event "Superliga 2011 M"]
[Site "Brasov"]
[Date "2011.10.08"]
[Round "1.4"]
[White "Mosnegutu, Klauss"]
[Black "Ionescu, Constantin"]
[Result "0-1"]
[WhiteElo "2240"]
[BlackElo "2436"]
[PlyCount "86"]
[EventDate "2011.10.08"]

1. d4 Nf6 2. c4 e6 3. Nf3 c5 4. Nc3 cxd4 5. Nxd4 a6 6. Bg5 Be7 7. e3 d6 8. Be2
O-O 9. O-O Qc7 10. Rc1 Nbd7 11. Ne4 b6 12. Nc6 Qxc6 13. Nxf6+ Nxf6 14. Bf3 d5
15. cxd5 Qd6 16. Rc6 Qd7 17. d6 Bd8 18. Bxf6 gxf6 19. Rc4 Bb7 20. Bxb7 Qxb7 21.
Qg4+ Kh8 22. e4 Rg8 23. Qf4 Rc8 24. Rxc8 Qxc8 25. Rc1 Qd7 26. g3 Rg5 27. b4 Kg7
28. Qd2 Rg6 29. Qd4 e5 30. Qd5 f5 31. Qxe5+ Kg8 32. Rd1 fxe4 33. a3 Re6 34. Qf5
h6 35. Qg4+ Kf8 36. Rd4 b5 37. h4 Bb6 38. Rxe4 Rxd6 39. Qf4 Qc6 40. Qe5 Re6 41.
Qh8+ Ke7 42. Rxe6+ Qxe6 43. Kf1 Qf6 0-1

[Event "Superliga 2011 M"]
[Site "Brasov"]
[Date "2011.10.08"]
[Round "1.4"]
[White "Moldovan, Daniel"]
[Black "Posedaru, Bogdan"]
[Result "1/2-1/2"]
[WhiteElo "2436"]
[BlackElo "2322"]
[PlyCount "127"]
[EventDate "2011.10.08"]

1. e4 e5 2. Nf3 Nf6 3. Nc3 Bb4 4. Nxe5 O-O 5. Nd3 Bxc3 6. dxc3 Nxe4 7. Be2 d5
8. O-O Bf5 9. Be3 Nd7 10. Nf4 c6 11. c4 dxc4 12. Bxc4 Ne5 13. Be2 Qe7 14. Qc1
Rfe8 15. Re1 b6 16. Nd3 Rad8 17. Nxe5 Qxe5 18. a4 Re6 19. Bf1 Rde8 20. f3 Nf6
21. Bf2 Qd6 22. Rxe6 Qxe6 23. a5 Nd5 24. axb6 axb6 25. Qd2 b5 26. Re1 Qc8 27.
Rxe8+ Qxe8 28. c3 Qa8 29. Bc5 h6 30. Qe1 Qc8 31. Qe5 Qe6 32. Qxe6 Bxe6 33. Kf2
f6 34. g3 Kf7 35. Bd3 g5 36. Ke2 h5 37. Kd2 h4 38. b3 hxg3 39. hxg3 Ne7 40. c4
bxc4 41. bxc4 Ng6 42. Kc3 Ne5 43. Be2 Bh3 44. Kd4 Ke6 45. Bb4 Bg2 46. Ke3 f5
47. Bc3 g4 48. fxg4 Nxg4+ 49. Kf4 Nf2 50. Bd4 Ne4 51. Bd3 Nd6 52. Be5 Bh3 53.
c5 Ne4 54. Bc4+ Ke7 55. Bd4 Nf6 56. Bxf6+ Kxf6 57. Ba6 Ke6 58. Bc8+ Kd5 59.
Bxf5 Bf1 60. g4 Kxc5 61. Ke5 Be2 62. g5 Bh5 63. g6 Bxg6 64. Bxg6 1/2-1/2

[Event "Superliga 2011 M"]
[Site "Brasov"]
[Date "2011.10.08"]
[Round "1.4"]
[White "Spulber, Cicirone"]
[Black "Miroiu, George-Catalin"]
[Result "0-1"]
[WhiteElo "2239"]
[BlackElo "2281"]
[PlyCount "100"]
[EventDate "2011.10.08"]

1. Nf3 Nf6 2. c4 c6 3. d4 d5 4. e3 a6 5. Nbd2 g6 6. Bd3 Bg7 7. Qc2 Nbd7 8. O-O
c5 9. b3 cxd4 10. exd4 O-O 11. Bb2 b6 12. Rfe1 Bb7 13. Qd1 Re8 14. Ne5 Nxe5 15.
dxe5 Nd7 16. cxd5 Nc5 17. Bf1 Qxd5 18. Nc4 Qe6 19. Qe2 Rac8 20. Qe3 b5 21. Na5
Ba8 22. Rac1 Nd7 23. Rxc8 Rxc8 24. Bd4 Qd5 25. a3 Nf8 26. b4 Ne6 27. Ba1 h5 28.
Qb3 Qd2 29. Rd1 Qf4 30. Qg3 Qe4 31. Qd3 Qg4 32. h3 Qg5 33. Qg3 Qxg3 34. fxg3
Rc2 35. Nb3 Ra2 36. Nc5 Nxc5 37. bxc5 Bc6 38. Rd8+ Kh7 39. Bd4 Rd2 40. Rc8 Bd7
41. Be3 Bxc8 42. Bxd2 Bxe5 43. Kf2 Bd4+ 44. Be3 Bb2 45. a4 bxa4 46. Bc4 a3 47.
c6 Kg7 48. Bc5 Kf8 49. Ke2 Ke8 50. Kd2 Be6 0-1

[Event "Superliga 2011 M"]
[Site "Brasov"]
[Date "2011.10.08"]
[Round "1.4"]
[White "Baciu, Stefan"]
[Black "Malureanu, Costin-George"]
[Result "1-0"]
[WhiteElo "2217"]
[BlackElo "2165"]
[PlyCount "85"]
[EventDate "2011.10.08"]

1. d4 d5 2. c4 c6 3. Nf3 Nf6 4. e3 Bf5 5. Nc3 e6 6. Be2 Nbd7 7. O-O Bd6 8. h3
O-O 9. Nh4 Be4 10. f3 Bg6 11. Nxg6 hxg6 12. c5 Bc7 13. f4 b6 14. b4 a5 15. cxb6
Bxb6 16. b5 c5 17. Na4 Ne4 18. Ba3 Re8 19. Nxb6 Qxb6 20. dxc5 Ndxc5 21. Qd4 Na4
22. Qxb6 Nxb6 23. Rfc1 e5 24. fxe5 Nd2 25. Bc5 Nbc4 26. Bd4 Nxe5 27. Rc7 Nec4
28. Bxc4 Nxc4 29. Rf1 f6 30. b6 Rac8 31. Rb1 Rxc7 32. bxc7 Kf7 33. Rb8 Nd6 34.
Rd8 Nc8 35. a4 Ne7 36. Bc5 Nc8 37. Kf2 f5 38. Rxd5 Re4 39. Bd4 Re7 40. Rxa5 Nd6
41. Ra7 Nc8 42. Rb7 Nd6 43. a5 1-0

[Event "Superliga 2011 M"]
[Site "Brasov"]
[Date "2011.10.08"]
[Round "1.5"]
[White "Shishkin, Vadim"]
[Black "Genov, Petar"]
[Result "1/2-1/2"]
[WhiteElo "2450"]
[BlackElo "2447"]
[PlyCount "57"]
[EventDate "2011.10.08"]

1. d4 Nf6 2. c4 e6 3. Nc3 d5 4. cxd5 exd5 5. Bg5 Be7 6. e3 c6 7. Bd3 Bg4 8. Qb3
Qb6 9. Qc2 Bh5 10. f4 h6 11. Bh4 Nbd7 12. h3 Ng8 13. Bf2 f6 14. g4 Bf7 15. Nf3
Bd6 16. g5 hxg5 17. fxg5 Ne7 18. gxf6 gxf6 19. Nh4 O-O-O 20. O-O-O Be6 21. Nf5
Nxf5 22. Bxf5 Bxf5 23. Qxf5 Kb8 24. Rdg1 Bb4 25. Be1 Qa6 26. a3 Bxc3 27. Bxc3
Nb6 28. h4 Nc4 29. h5 1/2-1/2

[Event "Superliga 2011 M"]
[Site "Brasov"]
[Date "2011.10.08"]
[Round "1.5"]
[White "Busu, Corneliu"]
[Black "Bonte, Andrei-Mihai"]
[Result "1/2-1/2"]
[WhiteElo "2275"]
[BlackElo "2364"]
[PlyCount "111"]
[EventDate "2011.10.08"]

1. d4 Nf6 2. Nf3 d5 3. c4 e6 4. Bg5 Be7 5. Nc3 O-O 6. e3 h6 7. Bh4 b6 8. cxd5
Nxd5 9. Bxe7 Qxe7 10. Nxd5 exd5 11. Bd3 Be6 12. O-O c5 13. dxc5 bxc5 14. Qa4
Nd7 15. Qa3 $11 Rfb8 16. Rac1 Rb4 17. Qc3 Rab8 18. b3 a5 19. Ne5 Nxe5 20. Qxe5
Rc8 21. Bc2 Qg5 22. Qxg5 hxg5 23. Rfd1 Kf8 24. Kf1 Ke7 25. f3 f5 26. Rd2 g4 27.
Bd1 Kd6 28. Kf2 g5 29. fxg4 fxg4 30. a3 Re4 31. Rc3 Rf8+ 32. Kg3 Rf1 33. Bc2
Re5 34. Rd1 Rxd1 35. Bxd1 d4 36. exd4 cxd4 37. Rd3 Kd5 38. Bxg4 Bxg4 39. Kxg4
Ke4 40. Rd1 d3 41. b4 axb4 42. axb4 Ke3 43. g3 Ke2 44. Ra1 d2 45. h4 gxh4 46.
gxh4 Kd3 47. Rd1 Re1 48. Rxd2+ Kxd2 49. h5 Ke3 50. h6 Ke4 51. Kg5 Ke5 52. h7
Rh1 53. Kg6 Ke6 54. Kg7 Rg1+ 55. Kf8 Rh1 56. Kg7 1/2-1/2

[Event "Superliga 2011 M"]
[Site "Brasov"]
[Date "2011.10.08"]
[Round "1.5"]
[White "Szabo, Attila"]
[Black "Grozav, Valeriu-Gheorghe"]
[Result "1/2-1/2"]
[WhiteElo "2290"]
[BlackElo "2166"]
[PlyCount "87"]
[EventDate "2011.10.08"]

1. c4 Nf6 2. Nc3 d5 3. cxd5 Nxd5 4. g3 g6 5. Bg2 c6 6. Nf3 Bg7 7. O-O O-O 8. d4
Nxc3 9. bxc3 Be6 10. e4 Nd7 11. Re1 Qa5 12. Qc2 Nb6 13. Bf4 Rac8 14. Rac1 Rfd8
15. Nd2 Qh5 16. Nb3 Nd7 17. Qe2 Qxe2 18. Rxe2 Bc4 19. Rd2 b6 $11 20. Be3 Nf6
21. f3 e6 22. Bf1 Bxf1 23. Kxf1 Rd7 24. Ke2 Ne8 25. a4 f5 26. e5 Bf8 27. Ra2
Nc7 28. c4 Na6 29. a5 Nb4 30. Rd2 Be7 31. f4 Rb8 32. axb6 axb6 33. Ra1 Kf7 34.
Rb2 h5 35. Bd2 Rbb7 36. Nc1 c5 37. Bxb4 cxb4 38. Nb3 Ra7 39. Rxa7 Rxa7 40. h4
Ra3 41. Kd3 Ke8 42. d5 Bc5 43. Ke2 Kd7 44. Kf1 1/2-1/2

[Event "Superliga 2011 M"]
[Site "Brasov"]
[Date "2011.10.08"]
[Round "1.5"]
[White "Horvat, Dan-Sebastian"]
[Black "Hajbok, Robert"]
[Result "1/2-1/2"]
[WhiteElo "2196"]
[BlackElo "2272"]
[PlyCount "118"]
[EventDate "2011.10.08"]

1. e4 c6 2. d4 d5 3. e5 Bf5 4. Nc3 e6 5. g4 Bg6 6. Nge2 c5 7. h4 f6 8. Nf4 Bf7
9. exf6 cxd4 10. Qxd4 Nxf6 11. Bb5+ Nc6 12. Nd3 Nd7 13. Bxc6 bxc6 14. Bf4 Qb6
15. Qxb6 axb6 16. O-O-O h5 17. g5 Bg6 18. Rhe1 Kf7 19. Kb1 Be7 20. Bg3 Bf5 21.
Rd2 Rhe8 22. Ne2 c5 23. a3 g6 24. Nc3 Ra5 25. Nf4 d4 26. Ne4 Ne5 27. Nd3 Nxd3
28. Rxd3 Ra6 29. Be5 Rd8 30. Rf3 Rd5 31. Ng3 c4 32. Nxf5 exf5 33. Rf4 Rxe5 34.
Rxe5 Bd6 35. Ree4 Bxf4 36. Rxf4 d3 37. Rxc4 d2 38. Rd4 Ra4 39. Rxd2 Rxh4 40.
Rd7+ Ke6 41. Rg7 f4 42. Rxg6+ Kf5 43. Rxb6 Rh1+ 44. Ka2 Rh2 45. g6 Rxf2 46. g7
Rg2 47. Rb5+ Ke4 48. Rxh5 f3 49. Rh1 f2 50. Rf1 Ke3 $11 51. c4 Rxg7 52. c5 Rg1
53. Rxf2 Kxf2 54. Kb3 Rc1 55. Kb4 Ke3 56. Kb5 Kd4 57. b4 Kc3 58. c6 Kb3 59. a4
Rxc6 1/2-1/2